Zvyšovanie účinnosti mzdovej sústavy v poľnohospodárskej prvovýrobe koncepčná štúdia Ú-1/1984

Gespeichert in:
Bibliographische Detailangaben
1. Verfasser: Stanovič, Vladimír
Weitere Verfasser: Ivan, Ján
Format: Buch
Sprache:Slowakisch
Veröffentlicht: Bratislava Výskumný ústav ekonomiky poľnohospodárstva a potravinárstva 1984
Tags: Tag hinzufügen
Keine Tags, Fügen Sie das erste Tag hinzu!

MARC

LEADER 00000nam a2200000 4500
001 c113746
005 20181203150323.9
041 0 |a slo 
044 |a SK 
245 1 0 |a Zvyšovanie účinnosti mzdovej sústavy v poľnohospodárskej prvovýrobe  |b koncepčná štúdia Ú-1/1984  |c Vladimír Stanovič, Ján Ivan 
264 1 |a Bratislava  |b Výskumný ústav ekonomiky poľnohospodárstva a potravinárstva  |c 1984 
300 |a 58 s. 
100 1 |a Stanovič, Vladimír 
700 1 |a Ivan, Ján